000
00257nam a22001097a 4500
082
_a
001
_b
SIE/G
100
_a
GOVT. OF INDIA
245
_a
SIET KEALA, GENERAL SUBJECTS
_b
SSLC GRADING
260
_a
NEW DELHI
_b
GOVT. OF INDIA
520
_a
REFERENCE
942
_c
BK
999
_c
7956
_d
7956